<?xml version="1.0" encoding="UTF-8"?>
<marc:record xmlns:marc="http://www.loc.gov/MARC21/slim">
   <marc:leader>00000nam a2200000 a 4500</marc:leader>
   <marc:datafield ind1="1" ind2=" " tag="100">
      <marc:subfield code="a">Osborne, Mary Pope</marc:subfield>
      <marc:subfield code="4">aut</marc:subfield>
      <marc:subfield code="e">Verfasser/-in</marc:subfield>
   </marc:datafield>
   <marc:datafield ind1="1" ind2=" " tag="100">
      <marc:subfield code="a">Theissen, Petra</marc:subfield>
   </marc:datafield>
   <marc:datafield ind1="1" ind2=" " tag="100">
      <marc:subfield code="a">Rahn, Sabine</marc:subfield>
   </marc:datafield>
   <marc:datafield ind1=" " ind2=" " tag="653">
      <marc:subfield code="a">Baumhaus</marc:subfield>
   </marc:datafield>
   <marc:datafield ind1="0" ind2="0" tag="245">
      <marc:subfield code="a">Das magische Baumhaus (49)</marc:subfield>
   </marc:datafield>
   <marc:datafield ind1="0" ind2="0" tag="245">
      <marc:subfield code="b">Abenteuer im Tal der Könige</marc:subfield>
   </marc:datafield>
   <marc:datafield ind1="0" ind2="0" tag="245">
      <marc:subfield code="c">Mary Pope Osborne. Aus dem Amerikan. übers. von Sabine Rahn. Ill. von Petra Theissen</marc:subfield>
   </marc:datafield>
   <marc:datafield ind1=" " ind2="1" tag="264">
      <marc:subfield code="a">Bindlach</marc:subfield>
      <marc:subfield code="b">Loewe</marc:subfield>
      <marc:subfield code="c">2015</marc:subfield>
   </marc:datafield>
   <marc:datafield ind1="1" ind2=" " tag="490">
      <marc:subfield code="a">¬Das¬ magische Baumhaus</marc:subfield>
      <marc:subfield code="v">49</marc:subfield>
   </marc:datafield>
   <marc:datafield ind1="1" ind2=" " tag="520">
      <marc:subfield code="a">Anne und Philipp machen Bekanntschaft mit Florence Nightingale. (ab 8) (JE) In diesem Band haben die Geschwister wieder in Ägypten zu tun, diesmal aber in einer moderneren Zeit. Anne und Philipp machen sich auf die Reise, um Merlins Auftrag zu erfüllen, nämlich nach dem "Geheimnis wahrer Größe bei einer Frau namens Florence Nightingale zu suchen". Dass die beiden dabei in große Gefahr geraten, erhöht die Spannung. Kann Merlin helfen? Mit der sehr sympathisch gezeichneten Figur der Florence Nightingale, lernen die kleinen LeserInnen nicht nur die legendäre Krankenschester kennen, sondern sie erfahren auch einiges über das Mädchen- bzw. Frauenbild der damaligen Zeit, als Eltern noch andere Vorstellungen über die Zukunft ihrer Töchter hatten. Kindgerecht aufbereitetes Thema, für kleine LeserInnen ab 8 Jahren. Allen Medienbeständen empfohlen.</marc:subfield>
   </marc:datafield>
   <marc:datafield ind1=" " ind2=" " tag="020">
      <marc:subfield code="a">9783785578933</marc:subfield>
      <marc:subfield code="9">9783785578933</marc:subfield>
   </marc:datafield>
   <marc:datafield ind1=" " ind2=" " tag="020">
      <marc:subfield code="a">3785578938</marc:subfield>
      <marc:subfield code="9">3785578938</marc:subfield>
   </marc:datafield>
   <marc:datafield ind1=" " ind2=" " tag="300">
      <marc:subfield code="a">140 S. : zahlr. Ill.</marc:subfield>
   </marc:datafield>
</marc:record>
